| 000 | 00779cab a22002055a 4500 | ||
|---|---|---|---|
| 001 | L154003 | ||
| 008 | 111003e20110930xxk 000 0 eng d | ||
| 035 | _a(Sirsi) u154003 | ||
| 041 | 0 | _aeng | |
| 100 | 1 | _aWatson, Stuart | |
| 245 | 0 | 0 | _aSpaced out |
| 260 | _c2011 | ||
| 490 | 0 |
_aProperty Week _vSheds Supplement 30 September 2011, 44-46(3) |
|
| 520 | _aRegion by region overview of activity in the UK's industrial markets: Scotland, northwest England, southwest England and Wales, southeast England, Midlands, and Yorkshire and northeast England. | ||
| 590 | _aKA | ||
| 651 | 4 |
_aUnited Kingdom _y |
|
| 690 | _aPROPERTY-COMMERCIAL PROPERTY-COMMERCIAL PROPERTY FINANCE AND INVESTMENT | ||
| 690 | _aPROPERTY-COMMERCIAL PROPERTY-COMMERCIAL PROPERTY MARKET | ||
| 942 | _n0 | ||
| 999 |
_c83443 _d83443 |
||